书目信息 |
| 题名: |
金属力学化学与腐蚀防护
|
|
| 作者: | 苏.M.古特曼 著 ;金石 译 | |
| 分册: | ||
| 出版信息: | 北京 科学出版社 1989 |
|
| 页数: | 321 | |
| 开本: | 19cm | |
| 丛书名: | ||
| 单 册: | ||
| 中图分类: | TG172 | |
| 科图分类: | ||
| 主题词: | 金属表面清理 , 腐蚀 , 金属表面 | |
| 电子资源: | ||
| ISBN: | 7-03000951-7 | |
| 000 | 00647nam0 2200217 450 | |
| 001 | 0754114953 | |
| 005 | 20070929150154.95 | |
| 010 | @a7-03000951-7 | |
| 100 | @a20070929d km y0chiy0120 ea | |
| 101 | 0 | @achi |
| 200 | 1 | @a金属力学化学与腐蚀防护@Ajin shu li xue hua xue yu fu shi fang hu@f[苏].M.古特曼 著@F[su].M.gu te man zhu@g金石 译@Gjin shi yi |
| 210 | @a北京@c科学出版社@d1989 | |
| 215 | @a321@c插图@d19cm | |
| 606 | 0 | @a金属表面清理 |
| 606 | 0 | @a腐蚀 |
| 606 | 0 | @a金属表面 |
| 690 | @aTG172@v3 | |
| 701 | 0 | @a苏.M.古特曼@Asu.M.gu te man@4著 |
| 702 | 0 | @a金石@Ajin shi@4译 |
| 801 | 0 | @aCN@bPFT@c20070929 |
| 905 | @a213230@dTG172@eh4@f1 | |
| 金属力学化学与腐蚀防护/[苏].M.古特曼 著/金石 译.-北京:科学出版社,1989 |
| 321:插图;19cm |
| ISBN 7-03000951-7: |
| ● |
| 相关链接 |
|
|
|
|
正题名:金属力学化学与腐蚀防护
索取号:TG172/h4
 
预约/预借
| 序号 | 登录号 | 条形码 | 馆藏地/架位号 | 状态 | 备注 |
| 1 | 6001264 | 260012649 | 密集书库-化学系/ [索取号:TG172/h4] | 在馆 |